Leader xxxxxxxxxx
001 __ PCLIS00034161
005 __ 20211207112728.0
010 0_ |a957-607-860-1|b平裝|dNT$250
100 __ |a20021114d2003 m y0chiy09 e
101 0_ |achi
102 __ |atw
105 __ |aac z 000cd
200 1_ |a你是我不及的夢|e給三毛最後的禮物|f眭澔平著
205 __ |a初版
210 __ |a臺北市|c圓神|d2009[民92]
215 0_ |a236面, 圖版[8]面|c部分彩圖, 部分彩像|d21公分|e1 CD-ROM|e1 CD
225 1_ |a圓神叢書|v379
300 __ |a附件光碟內容為三毛逝世12週年紀念專輯,含三毛台北故居的紀錄影片等
320 __ |a附錄: 三毛最後的聲音與送給三毛的歌
600 _0 |a三毛|f1943-1991
681 __ |a856.9|b8535
681 __ |a856.9|b6431
700 _1 |a眭|b澔平|4著
801 _0 |atw|bCIP|c20021114|gCCR
801 _1 |atw|b內湖高中|c20040407|gCCR
801 _2 |atw|b內湖高中|c20211207|gCCR
|